Finančná gramotnosť mladých

Prezentácia výsledkov dotazníkového prieskumu uskutočneného na vybraných vysokých a stredných školách ekonomického zamerania. Úroveň finančnej gramotnosti mladých ľudí vo veku 18-24 rokov. Rozvoj poznatkov finančnej gramotnosti a jeho dôležitosť.

Guardado en:
Detalles Bibliográficos
Autor principal: Střelecká, Zdenka
Otros Autores: Bratková, Nina
Formato: Capítulo de libro
Lenguaje:eslovaco
Materias:
Etiquetas: Agregar Etiqueta
Sin Etiquetas, Sea el primero en etiquetar este registro!

MARC

LEADER 00000nla$a2200000$$$4500
001 0142025
005 20240502072539.2
041 0 |a slo 
044 |a SK 
245 1 0 |a Finančná gramotnosť mladých  |c Zdenka Střelecká, Nina Bratková 
520 |a Prezentácia výsledkov dotazníkového prieskumu uskutočneného na vybraných vysokých a stredných školách ekonomického zamerania. Úroveň finančnej gramotnosti mladých ľudí vo veku 18-24 rokov. Rozvoj poznatkov finančnej gramotnosti a jeho dôležitosť. 
610 2 0 |a vzdelávanie 
610 2 0 |a mladiství 
610 2 0 |a študenti 
610 2 0 |a gramotnosť finančná 
610 2 0 |a školy vysoké 
610 2 0 |a školy stredné odborné 
610 2 0 |a vzdelanie ekonomické 
610 2 0 |a prezentácia 
610 2 0 |a dotazníky 
100 1 |a Střelecká, Zdenka 
700 1 |a Bratková, Nina